All US Capitals- Sudden Death - Statistics

General Stats
  • This quiz has been taken 85 times
  • The average score is 25 of 51
Answers on the Grid
Answers color-coded by a green-red scale on the quiz's grid according to % correct below.
Albany
Boston
Hartford
Providence
Augusta
Trenton
Harrisburg
Dover
Annapolis
Montpelier
Columbus
Concord
Charleston
Washington DC
Richmond
Columbia
Raleigh
Atlanta
Tallahassee
Montgomery
Jackson
Baton Rouge
Little Rock
Jefferson City
Frankfort
Nashville
Lansing
Springfield
Indianapolis
Des Moines
Madison
St. Paul
Bismarck
Pierre
Topeka
Lincoln
Cheyenne
Denver
Carson City
Oklahoma City
Salt Lake City
Phoenix
Santa Fe
Austin
Helena
Boise
Sacramento
Olympia
Salem
Juneau
Honolulu
New York City
Jersey City
Philadelphia
Pittsburgh
Cleveland
Cincinnati
Chicago
Detroit
Milwaukee
Minneapolis
Kansas City
St. Louis
Louisville
Charlotte
Baltimore
Portland
Jacksonville
Tampa
Miami
Houston
Dallas
San Antonio
New Orleans
Sioux Falls
Wichita
Billings
Missoula
Newark
Las Cruces
Burlington
Albequerque
Tucson
San Francisco
Las Vegas
Seattle
Los Angeles
San Diego
Pasadena
Henderson
Fort Worth
Fort Wayne
Anchorage
Fairbanks
West Valley City
Grand Rapids
Cedar Rapids
Toledo
Memphis
 
Answer Stats
Answer % Correct
Denver
63%
Indianapolis
60%
Madison
60%
Olympia
60%
Montpelier
58%
Boise
55%
Columbus
55%
Hartford
55%
Honolulu
55%
Little Rock
55%
Sacramento
55%
Baton Rouge
53%
Dover
53%
Lansing
53%
Providence
53%
Springfield
53%
Albany
50%
Augusta
50%
Austin
50%
Bismarck
50%
Carson City
50%
Des Moines
50%
Harrisburg
50%
Helena
50%
Jackson
50%
Jefferson City
50%
Juneau
50%
Phoenix
50%
Salt Lake City
50%
Santa Fe
50%
Annapolis
48%
Boston
48%
Cheyenne
48%
Columbia
48%
Frankfort
48%
Lincoln
48%
Montgomery
48%
Richmond
48%
Salem
48%
Tallahassee
48%
Atlanta
45%
Oklahoma City
45%
Pierre
45%
Raleigh
45%
Nashville
43%
St. Paul
43%
Topeka
43%
Trenton
43%
Concord
40%
Charleston
38%
Washington DC
25%
No matching quizzes found
Score Distribution
Percent of People with Each Score
Percentile by Number Answered
Your Score History
You have not taken this quiz